| 000 | 00406nam a22001217a 4500 | ||
|---|---|---|---|
| 082 | _a200 THE | ||
| 100 |
_aFaisal Rehman _970712 |
||
| 245 | _aTH-SOF-1070-Human Identification on the basis of Dental Biometrics4 | ||
| 260 |
_aISLAMABAD _bNUST COLLEGE OF EME _c2015 |
||
| 650 |
_a MS-MTS-74 MSTHESIS _970045 |
||
| 700 |
_aSUPERVISOR Dr. Kunwar Faraz Ahmed Khan Dr. Muhammad Usman Akram _970713 |
||
| 942 | _cCF | ||
| 999 |
_c577616 _d577616 |
||